Southville International School and Colleges
Your cart is empty.
  • Cart
  • Lists
    Public lists Eva Luna New books Lux_list list_1
    Your lists Log in to create your own lists
  • Log in to your account
  • Your cookies
  • Search history
Southville International School and Colleges
  • Advanced search
  • Recent comments
  • Most popular
  • Libraries

Log in to your account

Log in with GOOGLE


If you do not have an external account, but do have a local account, you can still log in:

  1. Home
  2. MARC view: Basic & clinical biostatistics /
Normal view MARC view ISBD view

Basic & clinical biostatistics / (Record no. 20818)

[ view plain ]
MARC details
000 -LEADER
fixed length control field 00542nam a2200181 a 4500
005 - DATE AND TIME OF LATEST TRANSACTION
control field 20140310183254.0
008 - FIXED-LENGTH DATA ELEMENTS--GENERAL INFORMATION
fixed length control field 041020s19uu xx 00 eng d
050 ## - LIBRARY OF CONGRESS CALL NUMBER
Classification number QH 323.5
Item number .D38 2001
100 ## - MAIN ENTRY--PERSONAL NAME
Personal name Dawson, Beth
245 ## - TITLE STATEMENT
Title Basic & clinical biostatistics /
Statement of responsibility, etc Beth Dawson
260 ## - PUBLICATION, DISTRIBUTION, ETC. (IMPRINT)
Place of publication, distribution, etc New York :
Name of publisher, distributor, etc Lange Medical Books/McGraw-Hill, Medical Pub. Division,
Date of publication, distribution, etc 2001.
300 ## - PHYSICAL DESCRIPTION
Extent 399 p. :
Other physical details ill. ;
Dimensions 26 cm.
650 ## - SUBJECT ADDED ENTRY--TOPICAL TERM
Topical term or geographic name as entry element Medical statistics.
650 ## - SUBJECT ADDED ENTRY--TOPICAL TERM
Topical term or geographic name as entry element Biometry.
700 ## - ADDED ENTRY--PERSONAL NAME
Personal name Trapp, Robert G.
942 ## - ADDED ENTRY ELEMENTS (KOHA)
Koha item type Books
Source of classification or shelving scheme Library of Congress Classification
Call number prefix Foreign
Holdings
Withdrawn status Lost status Source of classification or shelving scheme Damaged status Home library Current library Shelving location Date acquired Source of acquisition Cost, normal purchase price Total Checkouts Full call number Barcode Date last seen Copy number Price effective from Koha item type
    Library of Congress Classification   College Library College Library General Circulation Section 10/20/2004   950.00   QH 323.5 .D38 2001 C5407 05/15/2018 1 10/10/2013 Books

Basic & clinical biostatistics /

APA

Dawson B., Trapp R. G., . (2001). Basic & clinical biostatistics. New York: Lange Medical Books/McGraw-Hill, Medical Pub. Division.

Chicago

Dawson Beth, Trapp Robert G, . 2001. Basic & clinical biostatistics. New York: Lange Medical Books/McGraw-Hill, Medical Pub. Division.

Harvard

Dawson B., Trapp R. G., . (2001). Basic & clinical biostatistics. New York: Lange Medical Books/McGraw-Hill, Medical Pub. Division.

MLA

Dawson Beth, Trapp Robert G, . Basic & clinical biostatistics. New York: Lange Medical Books/McGraw-Hill, Medical Pub. Division. 2001.

  • Place hold
  • Print
  • Cite
  • Add to your cart (remove)
  • Save record
    BIBTEX Dublin Core MARCXML MARC (non-Unicode/MARC-8) MARC (Unicode/UTF-8) MARC (Unicode/UTF-8, Standard) MODS (XML) RIS
  • More searches
    Search for this title in:
    Other Libraries (WorldCat) Other Databases (Google Scholar) Online Stores (Bookfinder.com) Open Library (openlibrary.org)

Exporting to Dublin Core...

SOUTHVILLE LIBRARY

Southville International School and Colleges Library

1281 Tropical Ave. Cor. Luxembourg St., BF Homes International, Las Pinas City

Tel. No. 8256374 / 252358 Loc. 117/146

Powered by Koha